书目信息 |
| 题名: |
征服英语专业八级阅读理解100篇
|
|
| 作者: | 申富英 , 白岱恩 编著 | |
| 分册: | ||
| 出版信息: | 西安 世界图书出版西安公司 2005 |
|
| 页数: | 303页 | |
| 开本: | 21cm | |
| 丛书名: | ||
| 单 册: | ||
| 中图分类: | H319.4 | |
| 科图分类: | ||
| 主题词: | 英语--ying yu--阅读教学--高等学校--水平考试--习题 , 阅读教学--yue du jiao xue | |
| 电子资源: | ||
| ISBN: | 7-5062-5093-4 | |
| 000 | 01004nam0 2200253 450 | |
| 001 | 012004001036 | |
| 005 | 20061229163425.75 | |
| 010 | @a7-5062-5093-4@dCNY12.80 | |
| 100 | @a20051229d2005 em y0chiy0121 ea | |
| 101 | 0 | @achi@aeng |
| 102 | @aCN@b610000 | |
| 105 | @ay q 000yy | |
| 200 | 1 | @a征服英语专业八级阅读理解100篇@Azheng fu ying yu zhuan ye ba ji yue du li jie 100 pian@f申富英, 白岱恩编著 |
| 210 | @a西安@c世界图书出版西安公司@d2005 | |
| 215 | @a303页@d21cm | |
| 330 | @a本书按照最新修订的《高校英语专业八级考试大纲》和《高等学校英语专业高级阶段英语教学大纲》编写, 所选文章多来自近年英语八级考试、托福考试真题等, 附有大量的全真考题和模拟训练, 以及详细的讲解。 | |
| 510 | 1 | @aConquer the comprehension part of TEM-8@zeng |
| 606 | 0 | @a英语@Aying yu@x阅读教学@x高等学校@x水平考试@j习题 |
| 606 | 0 | @a阅读教学@Ayue du jiao xue |
| 690 | @aH319.4@v4 | |
| 701 | 0 | @a申富英@Ashen fu ying@4编著 |
| 701 | 0 | @a白岱恩@Abai dai en@4编著 |
| 801 | 0 | @aCN@c20061229 |
| 905 | @a10447@dH319.4@eS364 | |
| 征服英语专业八级阅读理解100篇/申富英, 白岱恩编著.-西安:世界图书出版西安公司,2005 |
| 303页;21cm |
| ISBN 7-5062-5093-4:CNY12.80 |
| 本书按照最新修订的《高校英语专业八级考试大纲》和《高等学校英语专业高级阶段英语教学大纲》编写, 所选文章多来自近年英语八级考试、托福考试真题等, 附有大量的全真考题和模拟训练, 以及详细的讲解。 |
| ● |
| 相关链接 |
|
|
|
正题名:征服英语专业八级阅读理解100篇
索取号:H319.4/S364
 
预约/预借
| 序号 | 登录号 | 条形码 | 馆藏地/架位号 | 状态 | 备注 |
| 1 | 639410 | 206394105 | 语言库209/209语言库 48排3列4层/ [索取号:H319.4/S364] | 在馆 | |
| 2 | 639411 | 206394114 | 语言库209/209语言库 48排3列4层/ [索取号:H319.4/S364] | 在馆 | |
| 3 | 639412 | 206394123 | 语言库209/209语言库 48排3列4层/ [索取号:H319.4/S364] | 在馆 |